000 02197nam a22002537a 4500
005 20260601102802.0
008 260601t2026 |||||||| |||| 00| 0 spa d
020 _a9789585006966
040 _aCO-BoUCM
_bspa
_cStefania Borbon
_dStefania Borbon
041 _aspa
100 _aCobo Betancourt, Juan F
_9189543
245 _aLa venida del reino :
_bLos muiscas, la reforma católica y el colonialismo español en el Nuevo Reino de Granada /
_cJuan F. Cobo Betancourt ; traducción de Alfonso Conde
246 _aThe Coming of the Kingdom :
_bThe Muisca, Catholic Reform, and Spanish Colonialism in the New Kingdom of Granada
260 _aBogotá, D. C., Colombia :
_bEditorial Universidad del Rosario,
_c2026
300 _a393 páginas
520 _aLa venida del reino explora las experiencias de los indígenas muiscas del Nuevo Reino de Granada (Colombia) durante el primer siglo del dominio colonial español. Tomando como eje el colonialismo, la reforma religiosa, el derecho, la lengua y la escritura histórica, el autor examina la introducción y el desarrollo del cristianismo entre los muiscas, que desde la década de 1530 se vieron en el centro de los esfuerzos de los invasores por transformarlos en súbditos católicos tributarios de la Corona española. El libro muestra cómo sucesivas generaciones de misioneros y administradores abordaron la tarea de atraer a los muiscas al catolicismo en un momento en el que este atravesaba transformaciones profundas, y cómo sucesivas generaciones de muiscas interactuaron con las prácticas e ideas que los invasores intentaron imponerles, rechazándolas o adoptándolas de diversas maneras, transformándolas y traduciéndolas, y, en última instancia, apropiándoselas.
650 4 _aMuiscas
_vHistoria
_xVida religiosa
_ySiglo XVI
_9189544
650 4 _aIglesia Católica
_vHistoria
_xMisiones
_zColombia
_zNuevo Reino de Granada
_9189545
650 4 _aEvangelización
_vHistoria
_ySiglo XVI
_zColombia
_zNuevo Reino de Granada
_9189546
650 4 _aColombia
_xHistoria
_yColonia, 1550-1810
_9189547
700 1 _aConde, Alfonso
_etraductor
_9189000
942 _2DEWEY
_a21
_cLIBRO
_e1
_h986.1
_mC656v
999 _c326465
_d326465